| 000 | 00627nam a22001937a 4500 | ||
|---|---|---|---|
| 005 | 20211109125532.0 | ||
| 008 | 211109b mx ||||| |||| 00| 0 spa d | ||
| 020 | _a9786075167756 | ||
| 050 | 0 | 4 |
_aF1221.T25 _bS33 2014 |
| 100 | 1 | _aSchalkwijk, Bob | |
| 245 | 1 | 0 |
_aTarahumara _c/ Bob Schalkwijk. |
| 250 | _a1a ed. | ||
| 260 |
_aMéxico : _bConsejo Nacional para la Cultura y las Artes, _c2014 |
||
| 300 |
_a167 p. : _bil. ; _c28 cm. |
||
| 504 | _aIncluye índice | ||
| 650 | 7 |
_2lemb _aIndios Tarahumaras _xVida social, |
|
| 650 | 7 |
_2lemb _aIndios Tarahumaras _xCostumbres, obras pictóricas |
|
| 942 |
_2lcc _cLIB |
||
| 999 |
_c158732 _d158730 |
||